000
00293nam a22001337a 4500
008
170203b xxu||||| |||| 00| 0 eng d
020
_a
9780781779210
041
_a
eng
080
_2
7TH
_a
61
100
_a
3
101
_a
SHM
245
_a
REVIEW FOR USMLE STEP 1
_c
LAZO, J.S
942
_2
udc
_c
BK
999
_c
4449
_d
4449